[Event "15. Sombor open"]
[Site "Sombor"]
[Date "2023.03.29"]
[Round "6.3"]
[White "Pavkov, Nebojsa"]
[Black "Mandaric, Petar"]
[Result "1-0"]
[WhiteElo "2229"]
[BlackElo "1799"]
[PlyCount "46"]
[EventDate "2023.03.17"]

1. e4 d6 2. Nc3 Nf6 3. f4 e5 4. Nf3 Bg4 5. h3 Bxf3 6. Qxf3 Nbd7 7. Bc4 c6 8. a4
Qb6 9. a5 Qc7 10. O-O O-O-O 11. Bxf7 Nc5 12. Ba2 Kb8 13. b4 Ncd7 14. Rb1 Ka8
15. d3 Be7 16. f5 g6 17. Bh6 Bf8 18. Be3 c5 19. fxg6 cxb4 20. Nb5 Qxa5 21. Bc4
Rc8 22. Ra1 Qd8 23. Rxa7+ Kb8 1-0

[Event "15. Sombor open"]
[Site "Sombor"]
[Date "2023.03.29"]
[Round "6.4"]
[White "Skrobonja, Sinisa"]
[Black "Vlahovic, Ljubo"]
[Result "0-1"]
[WhiteElo "1957"]
[BlackElo "2039"]
[PlyCount "74"]
[EventDate "2023.03.17"]

1. e4 c5 2. Nf3 d6 3. d4 cxd4 4. Nxd4 Nf6 5. Nc3 g6 6. Be3 Bg7 7. Bc4 Nc6 8.
Bb3 O-O 9. h3 Bd7 10. Qd2 a6 11. f4 Qa5 12. Nf3 b5 13. Ng5 h6 14. Nxf7 Rxf7 15.
Bxf7+ Kxf7 16. e5 b4 17. Ne2 dxe5 18. O-O exf4 19. Rxf4 Rd8 20. Qe1 Kg8 21. Nd4
e5 22. Nxc6 Bxc6 23. Rf1 Qd5 24. Qg3 Qe4 25. Rae1 Nh5 26. Qh2 Rf8 27. Rxf8+
Bxf8 28. Bf2 Qf4 29. g4 Qxh2+ 30. Kxh2 Nf6 31. Bg3 e4 32. Be5 Nd7 33. Bd4 Bd6+
34. Kg1 Ne5 35. Bxe5 Bxe5 36. b3 Bc3 37. Rd1 e3 0-1

[Event "15. Sombor open"]
[Site "Sombor"]
[Date "2023.03.29"]
[Round "6.5"]
[White "Gajcin, Sinisa"]
[Black "Matkovic, Simana"]
[Result "0-1"]
[WhiteElo "1661"]
[BlackElo "1907"]
[Annotator "Robert"]
[PlyCount "115"]
[EventDate "2023.03.17"]

1. e4 c5 2. Nf3 d6 3. Bb5+ Bd7 4. Bxd7+ Qxd7 5. O-O g6 6. d4 cxd4 7. Nxd4 Nf6
8. Qe2 Bg7 9. Rd1 O-O 10. Nc3 Nc6 11. Nxc6 Qxc6 12. Bg5 Rfe8 13. Nd5 Rac8 14.
c3 Qc4 15. Qxc4 Rxc4 16. Bxf6 Bxf6 17. Nxf6+ exf6 18. f3 Re6 19. Kf2 Kf8 20.
Rd3 Ke7 21. Rad1 Kd7 22. Rd5 Kc7 23. g4 Rc5 24. R1d3 b5 25. h4 Rxd5 26. Rxd5
Kc6 27. Ke3 Re8 28. Kd4 Rb8 29. a3 a5 30. f4 a4 31. Ke3 Re8 32. Kd3 h6 33. Rd4
Rb8 34. Rb4 d5 35. exd5+ Kxd5 36. Rd4+ Kc6 37. Re4 Kd6 38. Kd4 Rc8 39. Kd3 Rb8
40. Re2 Rc8 41. Re4 Rb8 42. Kc2 g5 43. hxg5 hxg5 44. f5 Rh8 45. Rd4+ Kc6 46.
Rb4 Kc5 47. Re4 Rh2+ 48. Kb1 Rg2 49. Re7 Rxg4 50. Rxf7 Rf4 51. Rxf6 g4 52. Kc2
g3 53. Kd3 Rg4 54. Re6 g2 55. Re5+ Kb6 56. Re6+ Kc7 57. Re7+ Kd8 58. Re2 0-1

[Event "15. Sombor open"]
[Site "Sombor"]
[Date "2023.03.29"]
[Round "6.6"]
[White "Stojkovic, Andreja"]
[Black "Popovic, Vojin"]
[Result "1-0"]
[WhiteElo "1849"]
[BlackElo "1666"]
[PlyCount "111"]
[EventDate "2023.03.17"]

1. e4 d5 2. exd5 Qxd5 3. Nc3 Qd6 4. d4 Nf6 5. Nf3 Bg4 6. h3 Bxf3 7. Qxf3 c6 8.
Bd2 Qxd4 9. O-O-O Nbd7 10. Be3 Qb4 11. a3 Qa5 12. g4 e6 13. Ne4 Nxe4 14. Qxe4
Bc5 15. Bd2 Qc7 16. Bc3 O-O 17. Rxd7 Qxd7 18. Qe5 f6 19. Qxc5 Qd5 20. Qxd5 exd5
21. Bd3 Rfe8 22. Re1 Rxe1+ 23. Bxe1 Re8 24. Kd1 Kf7 25. c3 h6 26. Kd2 Ke6 27.
f4 c5 28. Bg6 Rd8 29. Bf2 b6 30. Kd3 Kd6 31. Be3 Kc6 32. b4 Kb5 33. bxc5 bxc5
34. Bf7 a5 35. a4+ Kc6 36. h4 Rb8 37. g5 hxg5 38. fxg5 fxg5 39. hxg5 Rb2 40. g6
Rg2 41. Bf4 Rg4 42. Be8+ Kb6 43. Be3 Re4 44. Bf7 Kc6 45. Bg5 Kd6 46. Bf6 Rxa4
47. Bxg7 Ke7 48. Bxd5 Rf4 49. Be5 Rg4 50. g7 c4+ 51. Bxc4 a4 52. g8=Q a3 53.
Qf7+ Kd8 54. Bf6+ Kc8 55. Ba6+ Kb8 56. Qb7# 1-0

[Event "15. Sombor open"]
[Site "Sombor"]
[Date "2023.03.29"]
[Round "6.7"]
[White "Babac, Zoran"]
[Black "Lalic, Miroslav"]
[Result "0-1"]
[WhiteElo "1644"]
[BlackElo "1921"]
[PlyCount "101"]
[EventDate "2023.03.17"]

1. b3 e5 2. Bb2 Nc6 3. e3 d6 4. Bb5 a6 5. Bxc6+ bxc6 6. d4 exd4 7. Qxd4 Nf6 8.
Nc3 c5 9. Qd3 Bb7 10. Nf3 Be7 11. e4 O-O 12. Nd5 Re8 13. O-O h6 14. c4 Nd7 15.
Rfe1 Bf8 16. Rad1 a5 17. e5 a4 18. exd6 Rxe1+ 19. Rxe1 Bxd6 20. Qc3 f6 21. Qe3
Bxd5 22. cxd5 axb3 23. Qe6+ Kf8 24. Nh4 Qe8 25. axb3 Qxe6 26. dxe6 Nb6 27. e7+
Kf7 28. Nf5 Re8 29. Rd1 Nc8 30. Bc3 h5 31. Ba5 g6 32. Nxd6+ cxd6 33. Bd8 Nxe7
34. Bc7 Nf5 35. h3 Rc8 36. g4 hxg4 37. hxg4 Nd4 38. Bxd6 Nxb3 39. Re1 f5 40.
gxf5 gxf5 41. f4 c4 42. Re7+ Kg6 43. Re1 c3 44. Ba3 c2 45. Bc1 Rd8 46. Kf2 Rd1
47. Re3 Nxc1 48. Rc3 Rd2+ 49. Ke1 Rh2 50. Rc6+ Kh5 51. Rc5 0-1

[Event "15. Sombor open"]
[Site "Sombor"]
[Date "2023.03.29"]
[Round "6.8"]
[White "Milin, Milos"]
[Black "Knezevic, Janko"]
[Result "0-1"]
[WhiteElo "1600"]
[BlackElo "1823"]
[PlyCount "74"]
[EventDate "2023.03.17"]

1. e4 c5 2. Nf3 a6 3. c3 d6 4. d4 cxd4 5. cxd4 e6 6. Nc3 Nd7 7. Bc4 Ngf6 8. e5
dxe5 9. dxe5 Ng4 10. Bf4 Qb6 11. Qd2 h5 12. a3 Be7 13. Ne4 Nh6 14. Bg5 Nf5 15.
Bxe7 Kxe7 16. Qg5+ f6 17. exf6+ gxf6 18. Qd2 Rg8 19. Ng3 Ng7 20. O-O Qd6 21.
Qe3 Qc5 22. Qe2 b5 23. Ba2 Nf8 24. Rac1 Qb6 25. Rfd1 Bd7 26. Nd4 Rc8 27. Rxc8
Bxc8 28. Ngf5+ Nxf5 29. Nxf5+ Kf7 30. Nd6+ Kg6 31. Nxc8 Qb7 32. Bxe6 Nxe6 33.
Qxe6 Rxc8 34. h3 Qc6 35. Rd6 Qc1+ 36. Kh2 Qf4+ 37. Kg1 Rc1+ 0-1

[Event "15. Sombor open"]
[Site "Sombor"]
[Date "2023.03.29"]
[Round "6.9"]
[White "Vujnovic, Igor"]
[Black "Glamuzina, Jurica"]
[Result "1/2-1/2"]
[WhiteElo "1604"]
[BlackElo "1950"]
[Annotator "Robert"]
[PlyCount "100"]
[EventDate "2023.03.17"]

1. e4 d6 2. d4 Nf6 3. Nc3 c6 4. f3 Nbd7 5. a4 e5 6. Bc4 Be7 7. Nge2 O-O 8. O-O
Re8 9. Kh1 Qc7 10. Bb3 Nf8 11. d5 cxd5 12. exd5 Ng6 13. Bg5 a6 14. Bxf6 Bxf6
15. Ne4 Be7 16. Qd2 h6 17. a5 Bd7 18. Qb4 f5 19. N4g3 Rf8 20. Rfd1 Rab8 21. c4
b6 22. Qc3 Qc5 23. Bc2 b5 24. b3 bxc4 25. bxc4 Bd8 26. Rdb1 Bc7 27. Rxb8 Bxb8
28. Rb1 Ba7 29. Qb4 Bc8 30. Qxc5 Bxc5 31. Rb8 Ne7 32. Ba4 g6 33. Nc1 e4 34. Nb3
Ba7 35. Ra8 Bf2 36. Ne2 g5 37. c5 Nxd5 38. cxd6 Nf6 39. h3 exf3 40. gxf3 Bb7
41. Rxf8+ Kxf8 42. Kg2 Be1 43. Nbd4 Bc8 44. d7 Bxd7 45. Bxd7 Nxd7 46. Nxf5 h5
47. Kf1 Bxa5 48. Ned4 Kf7 49. Nc6 Bc3 50. Kf2 Kg6 1/2-1/2

[Event "15. Sombor open"]
[Site "Sombor"]
[Date "2023.03.29"]
[Round "6.10"]
[White "Djurosev, Djordje"]
[Black "Grba, Ilija"]
[Result "0-1"]
[WhiteElo "1493"]
[BlackElo "1738"]
[Annotator "Robert"]
[PlyCount "27"]
[EventDate "2023.03.17"]

1. e4 c5 2. c3 e6 3. d4 cxd4 4. cxd4 Bb4+ 5. Nc3 Nf6 6. Bd3 Nc6 7. Nf3 O-O 8.
h3 Re8 9. Bg5 h6 10. Be3 Ne7 11. Qc2 b6 12. e5 Nfd5 13. Bd2 Bb7 14. O-O {
Necitko.} 0-1

[Event "15. Sombor open"]
[Site "Sombor"]
[Date "2023.03.29"]
[Round "6.12"]
[White "Stojanovic, Mihajlo J"]
[Black "Kelic, Dusan"]
[Result "1-0"]
[WhiteElo "1394"]
[BlackElo "1532"]
[PlyCount "102"]
[EventDate "2023.03.17"]

1. e4 e5 2. Nf3 Nc6 3. Bc4 Nf6 4. d3 Bc5 5. Nc3 a6 6. Bg5 b5 7. Bb3 Be7 8. O-O
d6 9. Re1 Bg4 10. h3 Bxf3 11. Qxf3 Nd4 12. Qd1 Nxb3 13. axb3 c6 14. Ne2 h6 15.
Bxf6 Bxf6 16. d4 O-O 17. c3 Qc7 18. Qd3 Qb6 19. Rad1 Rfd8 20. Qc2 Rac8 21. Rd3
c5 22. Qd1 cxd4 23. cxd4 Rc7 24. dxe5 Bxe5 25. Nc3 Rcd7 26. Nd5 Qa7 27. Re2 Rc8
28. Rc2 Rc5 29. Qc1 Kf8 30. b4 Rxc2 31. Qxc2 g6 32. Qd2 Kg7 33. Kf1 g5 34. g3
Kg6 35. f4 Bf6 36. Nxf6 Kxf6 37. e5+ Kg6 38. Rxd6+ Rxd6 39. Qxd6+ Kf5 40. fxg5
hxg5 41. Qc5 Qxc5 42. bxc5 Kxe5 43. c6 Kd6 44. h4 gxh4 45. gxh4 Kxc6 46. h5 a5
47. h6 Kc5 48. h7 a4 49. h8=Q b4 50. Qh4 a3 51. bxa3 b3 1-0

[Event "15. Sombor open"]
[Site "Sombor"]
[Date "2023.03.29"]
[Round "6.13"]
[White "Radisic, Andjelija"]
[Black "Kokai, Lea"]
[Result "0-1"]
[WhiteElo "1103"]
[BlackElo "1269"]
[PlyCount "142"]
[EventDate "2023.03.17"]

1. d4 Nf6 2. c4 e5 3. dxe5 Ng4 4. Nf3 Nc6 5. Bg5 Be7 6. Bxe7 Qxe7 7. e3 Ngxe5
8. Nxe5 Nxe5 9. Be2 O-O 10. O-O d6 11. h3 Be6 12. Nd2 f5 13. b3 d5 14. cxd5
Bxd5 15. Bf3 Nxf3+ 16. Nxf3 Rad8 17. Qe2 Qf7 18. Rad1 c5 19. Rfe1 Rfe8 20. Rc1
b6 21. Rcd1 Be6 22. Rxd8 Rxd8 23. Rd1 Rxd1+ 24. Qxd1 Qd7 25. Qxd7 Bxd7 26. Ne5
Be6 27. Kf1 b5 28. Ke2 c4 29. bxc4 bxc4 30. Kd2 c3+ 31. Kxc3 Bxa2 32. Kb4 Bd5
33. g3 Bg2 34. h4 a6 35. Ka5 Bb7 36. Nd7 Kf7 37. Nc5 Bc8 38. Nxa6 Bxa6 39. Kxa6
Ke6 40. Kb5 Ke5 41. f3 h6 42. Kc4 g5 43. hxg5 hxg5 44. f4+ gxf4 45. exf4+ Ke4
46. Kc5 Kf3 47. Kd5 Kxg3 48. Ke5 Kg4 49. Kd4 Kxf4 50. Kd3 Kg3 51. Ke3 f4+ 52.
Ke2 Kg2 53. Ke1 f3 54. Kd2 f2 55. Kd3 f1=Q+ 56. Kd2 Qf8 57. Ke3 Qf3+ 58. Kd4
Qe2 59. Kd5 Kf3 60. Kd4 Qe4+ 61. Kc5 Qd3 62. Kc6 Ke4 63. Kc5 Qd5+ 64. Kb4 Qc6
65. Kb3 Kd3 66. Kb4 Qc4+ 67. Ka5 Qb3 68. Ka6 Kc4 69. Ka7 Kc5 70. Ka8 Kc6 71.
Ka7 Qb7# 0-1

[Event "15. Sombor open"]
[Site "Sombor"]
[Date "2023.03.31"]
[Round "7.1"]
[White "Kurcubic, Drago"]
[Black "Pastrovic, Nenad"]
[Result "1-0"]
[WhiteElo "2094"]
[BlackElo "1822"]
[PlyCount "85"]
[EventDate "2023.03.17"]

1. e4 d6 2. d4 Nf6 3. Nc3 Nbd7 4. f4 e5 5. Nf3 exd4 6. Qxd4 c6 7. Be3 d5 8.
exd5 Bc5 9. Qd2 Qe7 10. Nd4 Ng4 11. O-O-O Qxe3 12. Re1 Bxd4 13. Kb1 Qxe1+ 14.
Qxe1+ Kd8 15. Qh4+ Ngf6 16. Be2 Kc7 17. Bf3 Bxc3 18. bxc3 Re8 19. Rd1 Nxd5 20.
Bxd5 cxd5 21. Qxh7 Nb6 22. Qxg7 Be6 23. g4 Rg8 24. Qe5+ Kc6 25. f5 Bd7 26. c4
Rxg4 27. cxd5+ Kb5 28. Ka1 Re8 29. Rb1+ Rb4 30. Rxb4+ Kxb4 31. Qd4+ Ka5 32. a3
Bb5 33. Qb4+ Ka6 34. d6 Re2 35. c4 Bc6 36. c5 Re4 37. Qc3 Nd7 38. Kb2 Re2+ 39.
Kc1 Ne5 40. h4 Re4 41. h5 Ng4 42. Qd3+ Ka5 43. Qxe4 1-0

[Event "15. Sombor open"]
[Site "Sombor"]
[Date "2023.03.31"]
[Round "7.3"]
[White "Vlahovic, Ljubo"]
[Black "Dombrovski, Mihajlo"]
[Result "1/2-1/2"]
[WhiteElo "2039"]
[BlackElo "1774"]
[PlyCount "205"]
[EventDate "2023.03.17"]

1. e4 g6 2. d4 d6 3. Nf3 Bg7 4. Nc3 a6 5. Be3 b5 6. Qd2 Bb7 7. Bd3 Nd7 8. a4 b4
9. Nd5 c5 10. c4 e6 11. Nf4 cxd4 12. Bxd4 Bxd4 13. Nxd4 e5 14. Qxb4 Qb6 15.
Qxb6 Nxb6 16. Nfe2 exd4 17. Nxd4 Nf6 18. f3 O-O 19. Kf2 Rac8 20. b3 Nbd7 21.
Rad1 Nc5 22. Bc2 Rfd8 23. Ke3 Ne6 24. Ne2 d5 25. exd5 Bxd5 26. Rd2 Bb7 27. Rhd1
Kf8 28. Rxd8+ Rxd8 29. Rxd8+ Nxd8 30. b4 Ke7 31. Kd4 Ne6+ 32. Kc3 h5 33. h4 Kd6
34. Nd4 Nf4 35. g3 Ne6 36. c5+ Kd7 37. Nxe6 Kxe6 38. b5 axb5 39. axb5 Bxf3 40.
Kd4 Ke7 41. Bb3 Be2 42. b6 Bb5 43. Kc3 Bc6 44. Kd4 Nd7 45. Bd5 Nb8 46. Bc4 f6
47. Bd3 Be8 48. Be4 g5 49. Bf3 Nc6+ 50. Kc3 g4 51. Be4 Ke6 52. Kc4 f5 53. Bg2
Nb8 54. Kd4 Bc6 55. Bf1 f4 56. Bc4+ Kf5 57. Bd3+ Kf6 58. gxf4 g3 59. Ke3 g2 60.
Kf2 Nd7 61. Be2 Kg6 62. f5+ Kxf5 63. Bxh5 Nxc5 64. Be2 Nd7 65. Bf1 gxf1=Q+ 66.
Kxf1 Nxb6 67. Ke2 Kg4 68. Kd3 Kxh4 69. Kd4 Nd7 70. Ke3 Kg4 71. Kd4 Kf4 72. Kd3
Ke5 73. Kc4 Bd5+ 74. Kd3 Nb8 75. Kc3 Nc6 76. Kd3 Kf5 77. Kd2 Ke4 78. Kc3 Ke3
79. Kc2 Nb4+ 80. Kc3 Na2+ 81. Kc2 Bc4 82. Kd1 Bb3+ 83. Ke1 Nc3 84. Kf1 Kf3 85.
Ke1 Ne4 86. Kf1 Nd2+ 87. Ke1 Nc4 88. Kf1 Ne5 89. Ke1 Ke3 90. Kf1 Bd5 91. Kg1
Ng4 92. Kf1 Bf3 93. Ke1 Bg2 94. Kd1 Kd3 95. Ke1 Bh3 96. Kd1 Nf2+ 97. Ke1 Ne4
98. Kd1 Nc5 99. Ke1 Ke3 100. Kd1 Bf5 101. Kc1 Na4 102. Kd1 Bd3 103. Ke1 1/2-1/2

[Event "15. Sombor open"]
[Site "Sombor"]
[Date "2023.03.31"]
[Round "7.4"]
[White "Matkovic, Simana"]
[Black "Stojkovic, Andreja"]
[Result "0-1"]
[WhiteElo "1907"]
[BlackElo "1849"]
[PlyCount "118"]
[EventDate "2023.03.17"]

1. d4 e6 2. Nf3 f5 3. h3 Nf6 4. g4 Ne4 5. gxf5 exf5 6. Bf4 d5 7. e3 Bd6 8. Ng5
Nxg5 9. Rg1 Bxf4 10. exf4 Qe7+ 11. Kd2 Ne4+ 12. Kc1 Nxf2 13. Bb5+ c6 14. Qf3
Ne4 15. Qh5+ Qf7 16. Be2 Qxh5 17. Bxh5+ g6 18. Be2 Nd7 19. Nd2 Nxd2 20. Kxd2
Nf6 21. Rae1 Ne4+ 22. Kc1 Kf7 23. h4 h5 24. Rg2 Be6 25. Reg1 Rag8 26. c3 Kf6
27. Kc2 Bf7 28. Bf3 Re8 29. Re1 Re7 30. a3 Rhe8 31. b3 Nxc3 32. Re5 Nb5 33. Kd3
Nxa3 34. Rg5 Nb5 35. Bd1 Nc7 36. Ke3 Na6 37. Be2 Nb8 38. b4 Nd7 39. Rg1 a6 40.
Bf3 Nxe5 41. fxe5+ Kg7 42. Kf4 Kh6 43. Rc1 Be6 44. Be2 Rg8 45. Rc3 g5+ 46.
hxg5+ Rxg5 47. Rh3 Reg7 48. Rh1 Rf7 49. Bd1 Rg4+ 50. Ke3 f4+ 51. Kf2 f3 52.
Bxf3 Rgf4 53. Rxh5+ Kg6 54. Rh8 Rxf3+ 55. Ke2 Rf2+ 56. Ke1 Rb2 57. Re8 Bh3 58.
Rg8+ Rg7 59. Rf8 Kh7 0-1

[Event "15. Sombor open"]
[Site "Sombor"]
[Date "2023.03.31"]
[Round "7.5"]
[White "Lalic, Miroslav"]
[Black "Gajcin, Sinisa"]
[Result "0-1"]
[WhiteElo "1921"]
[BlackElo "1661"]
[PlyCount "68"]
[EventDate "2023.03.17"]

1. e4 c5 2. Bc4 Nc6 3. a3 e6 4. Nf3 Nf6 5. d3 d5 6. exd5 exd5 7. Qe2+ Be7 8.
Ba2 Bg4 9. h3 Nd4 10. Qd1 Nxf3+ 11. gxf3 Bh5 12. Bf4 Qb6 13. b3 d4 14. Nd2 Nd5
15. Bg3 Nc3 16. Qc1 Qc6 17. Ne4 Bxf3 18. Rh2 Bxe4 19. dxe4 Qxe4+ 20. Kf1 O-O
21. Qd2 Rae8 22. Rg2 Kh8 23. Re1 Qc6 24. Bb1 Bf6 25. Kg1 Rxe1+ 26. Qxe1 Re8 27.
Qf1 Re2 28. Kh2 Qe6 29. Rg1 Be5 30. Qg2 Bxg3+ 31. Qxg3 Qe5 32. b4 Qxg3+ 33.
Kxg3 g6 34. bxc5 Re5 0-1

[Event "15. Sombor open"]
[Site "Sombor"]
[Date "2023.03.31"]
[Round "7.7"]
[White "Popovic, Vojin"]
[Black "Skrobonja, Sinisa"]
[Result "0-1"]
[WhiteElo "1666"]
[BlackElo "1957"]
[PlyCount "37"]
[EventDate "2023.03.17"]

1. e4 g6 2. d4 Bg7 3. f4 d6 4. Nf3 a6 5. Nc3 b5 6. a3 Bb7 7. Be2 e6 8. O-O Nd7
9. e5 Ne7 10. Be3 O-O 11. Bd3 d5 12. b4 Nb6 13. Nd2 Nc4 14. Bxc4 dxc4 15. Nde4
Nd5 16. Qe2 Bc6 17. Nxd5 Qxd5 18. Nc5 a5 19. Qf2 0-1

[Event "15. Sombor open"]
[Site "Sombor"]
[Date "2023.03.31"]
[Round "7.8"]
[White "Mandaric, Petar"]
[Black "Babac, Zoran"]
[Result "1-0"]
[WhiteElo "1799"]
[BlackElo "1644"]
[PlyCount "121"]
[EventDate "2023.03.17"]

1. e4 g6 2. d4 Bg7 3. Nc3 c6 4. e5 d6 5. f4 Nh6 6. Nf3 Bg4 7. Be2 Nf5 8. d5
Bxf3 9. Bxf3 dxe5 10. dxc6 Qxd1+ 11. Nxd1 Nxc6 12. fxe5 Bxe5 13. c3 O-O 14. O-O
Bc7 15. g4 Bb6+ 16. Kh1 Nd6 17. Bg5 Rfe8 18. Nf2 Kg7 19. Ne4 Nxe4 20. Bxe4 f6
21. Bh4 Rab8 22. h3 g5 23. Bg3 e5 24. Rad1 Red8 25. Kg2 Rxd1 26. Rxd1 Rd8 27.
Rxd8 Nxd8 28. b4 a5 29. Bf2 Bc7 30. b5 b6 31. c4 Ne6 32. Kf3 h6 33. Be3 Kf8 34.
Bf5 Ke7 35. Ke4 Nd4 36. Kd5 Nxf5 37. gxf5 Kd7 38. c5 bxc5 39. Bxc5 Bb8 40. a4
h5 41. Bf2 g4 42. hxg4 hxg4 43. b6 Bd6 44. Bg3 Bb8 45. Bf2 Bd6 46. b7 Bb8 47.
Bb6 g3 48. Bxa5 g2 49. Bb6 Bc7 50. Bg1 Bb8 51. a5 Kc7 52. a6 e4 53. Kxe4 Kc6
54. a7 Bxa7 55. Bxa7 Kxb7 56. Bg1 Kc6 57. Bd4 Kd6 58. Ba7 Kc6 59. Bg1 Kd6 60.
Bh2+ Kc6 61. Kd4 1-0

[Event "15. Sombor open"]
[Site "Sombor"]
[Date "2023.03.31"]
[Round "7.9"]
[White "Glamuzina, Jurica"]
[Black "Stojanovic, Mihajlo J"]
[Result "1-0"]
[WhiteElo "1950"]
[BlackElo "1394"]
[PlyCount "69"]
[EventDate "2023.03.17"]

1. e4 c5 2. Nf3 d6 3. c3 Nf6 4. Be2 g6 5. O-O Bg7 6. Re1 O-O 7. Bf1 Nc6 8. h3
Bd7 9. d4 b6 10. e5 Ne8 11. Bf4 dxe5 12. dxe5 Bf5 13. Na3 Nc7 14. Qa4 Bd7 15.
Qd1 Bf5 16. Nb5 Rc8 17. Qxd8 Rfxd8 18. Nxc7 Rxc7 19. e6 Rcc8 20. exf7+ Kxf7 21.
Ba6 Na5 22. Bxc8 Rxc8 23. Rad1 Nc4 24. Re2 Re8 25. Ne5+ Bxe5 26. Bxe5 Be6 27.
b3 Na5 28. Rd3 Nc6 29. Bf4 Kg7 30. Rxe6 Nd8 31. Re4 Nb7 32. Rd7 Nd6 33. Bxd6
Kf8 34. Rexe7 Rxe7 35. Rxe7 1-0

[Event "15. Sombor open"]
[Site "Sombor"]
[Date "2023.03.31"]
[Round "7.10"]
[White "Kokai, Lea"]
[Black "Vujnovic, Igor"]
[Result "0-1"]
[WhiteElo "1269"]
[BlackElo "1604"]
[Annotator "Robert"]
[PlyCount "55"]
[EventDate "2023.03.17"]

1. e4 d5 2. exd5 Nf6 3. c4 e6 4. dxe6 Bxe6 5. Nc3 Nc6 6. Nf3 Nb4 7. d4 Bf5 8.
Be2 Nc2+ 9. Kf1 Nxa1 10. Bd3 Bg4 11. Bg5 Be7 12. Qxa1 Bxf3 13. gxf3 Qxd4 14.
Be2 O-O 15. Be3 Qh4 16. Kg2 Nh5 17. Rg1 Bd6 18. Kf1 Rfe8 19. Qd1 Rad8 20. Bg5
Qh3+ 21. Rg2 Nf4 22. Bxf4 Bxf4 23. Qc2 Rd2 24. Qb3 Rd6 25. Ne4 Bxh2 26. Nxd6
Rxe2 27. Kxe2 Qxg2 28. Qxb7 0-1

[Event "15. Sombor open"]
[Site "Sombor"]
[Date "2023.04.03"]
[Round "8.1"]
[White "Stojkovic, Andreja"]
[Black "Kurcubic, Drago"]
[Result "0-1"]
[WhiteElo "1849"]
[BlackElo "2094"]
[PlyCount "67"]
[EventDate "2023.03.17"]

1. e4 c6 2. d4 d5 3. e5 Bf5 4. h4 h5 5. c4 dxc4 6. Bxc4 e6 7. Ne2 Nd7 8. Nbc3
Nb6 9. Bd3 Nh6 10. a3 Be7 11. g3 Bxd3 12. Qxd3 Nf5 13. Bf4 Qd7 14. Qe4 O-O-O
15. Be3 Kb8 16. O-O-O Nd5 17. Nxd5 cxd5 18. Qd3 Rc8+ 19. Kb1 Rc4 20. Rc1 Rhc8
21. Rc3 Qb5 22. Rhc1 a6 23. Rxc4 dxc4 24. Qc3 Bd8 25. Qd2 Ba5 26. Nc3 Qd7 27.
Qd1 g6 28. Ne4 Qd5 29. Ng5 Rc7 30. Qf3 Qb5 31. Ne4 c3 32. b4 Qd3+ 33. Rc2 Nxd4
34. Qd1 0-1

[Event "15. Sombor open"]
[Site "Sombor"]
[Date "2023.04.03"]
[Round "8.2"]
[White "Dombrovski, Mihajlo"]
[Black "Pavkov, Nebojsa"]
[Result "0-1"]
[WhiteElo "1774"]
[BlackElo "2229"]
[PlyCount "56"]
[EventDate "2023.03.17"]

1. e4 e6 2. d3 d5 3. Nd2 Nf6 4. Ngf3 Nc6 5. e5 Nd7 6. d4 f6 7. exf6 Qxf6 8. c3
e5 9. dxe5 Ndxe5 10. Bb5 a6 11. Qa4 Bc5 12. O-O axb5 13. Qxa8 O-O 14. Nxe5 Nxe5
15. Qa5 c6 16. a4 b6 17. Qa7 Bg4 18. b4 Bxf2+ 19. Kh1 Be2 20. Ne4 dxe4 21. Be3
Bxf1 22. Rxf1 Ng4 23. Bd4 Qf7 24. Qxf7+ Rxf7 25. a5 bxa5 26. bxa5 Bxd4 27. Rxf7
Kxf7 28. cxd4 e3 0-1

[Event "15. Sombor open"]
[Site "Sombor"]
[Date "2023.04.03"]
[Round "8.3"]
[White "Knezevic, Janko"]
[Black "Vlahovic, Ljubo"]
[Result "1/2-1/2"]
[WhiteElo "1823"]
[BlackElo "2039"]
[Annotator "Robert"]
[PlyCount "128"]
[EventDate "2023.03.17"]

1. e4 c5 2. Nf3 d6 3. d4 cxd4 4. Nxd4 Nf6 5. Nc3 g6 6. Bc4 Bg7 7. h3 Nc6 8. Be3
O-O 9. Qd2 Bd7 10. a3 a6 11. Ba2 Qc7 12. f3 Ne5 13. O-O Nc4 14. Bxc4 Qxc4 15.
Nde2 Rac8 16. Bh6 Bxh6 17. Qxh6 Bb5 18. Qe3 Qc5 19. Kf2 Qh5 20. Nf4 Qg5 21. Rh1
Nh5 22. Nxh5 Qxh5 23. h4 Bc6 24. g4 Qc5 25. Rhg1 Rfd8 26. Qxc5 dxc5 27. Rad1
Rd4 28. Ne2 Rxd1 29. Rxd1 Kf8 30. Ke3 e6 31. Kf4 Ke7 32. Ng3 h6 33. Ke3 c4 34.
c3 e5 35. f4 f6 36. Rd2 exf4+ 37. Kxf4 g5+ 38. hxg5 hxg5+ 39. Ke3 Rh8 40. Nf5+
Kf7 41. Nd6+ Ke6 42. Nxc4 Rh3+ 43. Kd4 Rg3 44. Ne3 Rf3 45. Nd1 Rg3 46. Nf2 Kd6
47. b3 Bd7 48. Rd3 Rg2 49. Rf3 Ke7 50. e5 fxe5+ 51. Kxe5 Bxg4 52. Nxg4 Rxg4 53.
Re3 Rg1 54. Kd5+ Kd7 55. Kc5 b5 56. Kb6 Ra1 57. Kxa6 Rxa3+ 58. Kxb5 Rxb3+ 59.
Kc4 Rb8 60. Kd4 Rg8 61. c4 g4 62. Rg3 Kc6 63. Ke5 Kc5 64. Kf4 Kxc4 1/2-1/2

[Event "15. Sombor open"]
[Site "Sombor"]
[Date "2023.04.03"]
[Round "8.4"]
[White "Pastrovic, Nenad"]
[Black "Matkovic, Simana"]
[Result "1/2-1/2"]
[WhiteElo "1822"]
[BlackElo "1907"]
[PlyCount "69"]
[EventDate "2023.03.17"]

1. e4 c5 2. Nf3 d6 3. d4 cxd4 4. Nxd4 Nf6 5. Nc3 a6 6. a4 e6 7. Bc4 Nc6 8. Be3
Be7 9. O-O O-O 10. h3 Bd7 11. f4 Nxe4 12. Nxe4 d5 13. Bd3 dxe4 14. Bxe4 Bf6 15.
c3 Qc7 16. f5 Nxd4 17. Bxd4 Bxd4+ 18. Qxd4 exf5 19. Bxf5 Rad8 20. Bxd7 Rxd7 21.
Qf2 Rfd8 22. Rae1 h6 23. Re2 Rd1 24. Re8+ Rxe8 25. Rxd1 Rd8 26. Rxd8+ Qxd8 27.
Qc2 Qb6+ 28. Kf1 Qe3 29. b4 g5 30. c4 Qd4 31. b5 Qa1+ 32. Kf2 Qd4+ 33. Kf1 Qa1+
34. Kf2 Qd4+ 35. Kf1 1/2-1/2

[Event "15. Sombor open"]
[Site "Sombor"]
[Date "2023.04.03"]
[Round "8.5"]
[White "Gajcin, Sinisa"]
[Black "Mandaric, Petar"]
[Result "1-0"]
[WhiteElo "1661"]
[BlackElo "1799"]
[PlyCount "72"]
[EventDate "2023.03.17"]

1. e4 d6 2. d4 g6 3. Nf3 Bg7 4. Nc3 e6 5. h3 a6 6. Be2 Ne7 7. O-O b5 8. a3 Bb7
9. Bg5 h6 10. Be3 Nd7 11. Qd2 Nb6 12. Rad1 d5 13. e5 Nf5 14. Bf4 Bf8 15. b4 c6
16. Nh2 g5 17. Be3 Be7 18. Qe1 a5 19. bxa5 Rxa5 20. Bc1 Na4 21. Ng4 Ra7 22. f4
gxf4 23. Bxf4 Nxc3 24. Qxc3 Rxa3 25. Qb2 Ra4 26. Nf6+ Bxf6 27. exf6 Qb6 28. c3
h5 29. g4 Rg8 30. Kh2 hxg4 31. Bxg4 Bc8 32. Bxf5 exf5 33. Rg1 Rxg1 34. Rxg1 Be6
35. Qe2 Qa5 36. Rg2 Qxc3 1-0

[Event "15. Sombor open"]
[Site "Sombor"]
[Date "2023.04.03"]
[Round "8.6"]
[White "Skrobonja, Sinisa"]
[Black "Glamuzina, Jurica"]
[Result "1-0"]
[WhiteElo "1957"]
[BlackElo "1950"]
[Annotator "Robert"]
[PlyCount "63"]
[EventDate "2023.03.17"]

1. e4 g6 2. d4 Bg7 3. Nc3 d6 4. Be3 a6 5. f3 b5 6. Qd2 Nd7 7. O-O-O Bb7 8. d5
Rc8 9. Kb1 c6 10. Bd4 Ngf6 11. g4 c5 12. Be3 h6 13. Nce2 b4 14. Ng3 Nb6 15. h4
Na4 16. h5 Nxd5 17. exd5 Bxb2 18. N1e2 Bc3 19. Qc1 Qa5 20. Ne4 Bb2 21. Qd2 Bc3
22. N2xc3 bxc3 23. Qc1 Nb2 24. Ka1 Rb8 25. hxg6 fxg6 26. Nxc3 Nxd1 27. Nxd1
Bxd5 28. c4 Bxf3 29. Bd2 Qb6 30. Bc3 Bxh1 31. Bxh8 Be4 32. Nc3 {Time. NECITKO.}
1-0

[Event "15. Sombor open"]
[Site "Sombor"]
[Date "2023.04.03"]
[Round "8.7"]
[White "Vujnovic, Igor"]
[Black "Lalic, Miroslav"]
[Result "0-1"]
[WhiteElo "1604"]
[BlackElo "1921"]
[PlyCount "80"]
[EventDate "2023.03.17"]

1. e4 e5 2. Bc4 Bc5 3. d4 exd4 4. Bxf7+ Kxf7 5. Qh5+ g6 6. Qxc5 Nc6 7. Qd5+ Kg7
8. Bg5 Qe8 9. Nf3 h6 10. Bf4 Nf6 11. Be5 Nxe5 12. Qxe5 Qxe5 13. Nxe5 Re8 14.
Nf3 Rxe4+ 15. Kd1 c5 16. Nbd2 Re6 17. a4 d5 18. a5 Ne4 19. Rf1 Bd7 20. b4 Bb5
21. Re1 Nxf2+ 22. Kc1 Rxe1+ 23. Nxe1 c4 24. Ndf3 Re8 25. Kb2 c3+ 26. Ka3 d3 27.
cxd3 Nxd3 28. Kb3 Rc8 29. Nc2 Nf4 30. g3 Ne2 31. Rd1 Bc4+ 32. Ka3 Re8 33. Nfd4
Nxd4 34. Nxd4 Re3 35. Nc2 Re2 36. Rc1 d4 37. b5 d3 38. Nd4 d2 39. Nxe2 Bxe2 40.
Rg1 d1=Q 0-1

[Event "15. Sombor open"]
[Site "Sombor"]
[Date "2023.04.03"]
[Round "8.8"]
[White "Grba, Ilija"]
[Black "Milin, Milos"]
[Result "0-1"]
[WhiteElo "1738"]
[BlackElo "1600"]
[PlyCount "58"]
[EventDate "2023.03.17"]

1. d4 d5 2. c4 c6 3. Bf4 e6 4. e3 Bd6 5. Bg3 Bxg3 6. hxg3 Nf6 7. Nd2 Nbd7 8.
Bd3 e5 9. cxd5 cxd5 10. dxe5 Nxe5 11. Bb5+ Bd7 12. Bxd7+ Qxd7 13. Qe2 Qf5 14.
Ngf3 Nd3+ 15. Kf1 Ng4 16. e4 dxe4 17. Nxe4 O-O-O 18. Nh4 Qe6 19. f3 Rhe8 20.
Rd1 Qb6 21. fxg4 Rxe4 22. Qc2+ Kb8 23. Rxd3 Qb5 24. Kg1 Qxd3 25. Qxd3 Rxd3 26.
Kh2 Rxg4 27. Nf3 Rg6 28. Rc1 Rc6 29. Re1 Rh6+ 0-1